zpět

Detail výsledku týmu

Chicago Bar & Grill ÚT, Liberec

Datum a čas kvízu

18.5 Celkem bodů Celkový počet nahraných bodů na tomto kvízu bez doplňovacích otázek.
9. Pořadí na kvízu Konečné umístění týmu na tomto kvízu.

Zaznamenané odpovědi

# Otázka Odpověď Body Výsledky
1. Na české území se po více než... Jan Žižka 1
2. Radní nizozemského města Haag... C) reklama na cokoli souvisejícího s fosilními palivy 0
3. Který zpěvák si v utajení vzal... Richard Müller 0
4. Skupina TCF Capital podnikate... Pilulka 0
5. Který muž vstoupil do sezóny j... Radko Gudas 0
6. Evropský den jazyků se slaví k... 1B 2D 3A 4C 0
7. Kašubština patří mezi jazyky: C 0
8. Sedila, tedy háček pod písmene... C 1
9. Přejdeme k literatuře. Doplňte... Ivana Děnisoviče 0
10. Kterým slovem na pět písmen se... Banát 1